Factors affecting the level and form of private investment in regeneration (Record no. 102889)

MARC details
000 -LEADER
fixed length control field 00877cam a2200217 4500
001 - CONTROL NUMBER
control field J12349
008 - FIXED-LENGTH DATA ELEMENTS--GENERAL INFORMATION
fixed length control field 030616n2002 000 0 eng u
035 ## - SYSTEM CONTROL NUMBER
System control number (Sirsi) u122596
041 ## - LANGUAGE CODE
Language code of text/sound track or separate title eng.
050 ## - LIBRARY OF CONGRESS CALL NUMBER
Classification number 711.52
-- 18
110 ## - MAIN ENTRY--CORPORATE NAME
Corporate name or jurisdiction name as entry element University of Ulster
9 (RLIN) 3068
245 ## - TITLE STATEMENT
Title Factors affecting the level and form of private investment in regeneration
Medium [electronic resource]
260 ## - PUBLICATION, DISTRIBUTION, ETC.
Place of publication, distribution, etc. London
Name of publisher, distributor, etc. ODPM
Date of publication, distribution, etc. 2002
520 ## - SUMMARY, ETC.
Summary, etc. A review of existing evidence and lessons that emerge from previous research on the factors that influence the private sector to invest in regeneration.
650 ## - SUBJECT ADDED ENTRY--TOPICAL TERM
Topical term or geographic name entry element PRIVATE SECTOR INVESTMENT
650 ## - SUBJECT ADDED ENTRY--TOPICAL TERM
Topical term or geographic name entry element URBAN DEVELOPMENT
650 ## - SUBJECT ADDED ENTRY--TOPICAL TERM
Topical term or geographic name entry element GAP FUNDING
690 ## - LOCAL SUBJECT ADDED ENTRY--TOPICAL TERM (OCLC, RLIN)
Topical term or geographic name as entry element REGENERATION
856 ## - ELECTRONIC LOCATION AND ACCESS
Uniform Resource Identifier <a href="https://citeseerx.ist.psu.edu/viewdoc/download?doi=10.1.1.129.3644&rep=rep1&type=pdf">https://citeseerx.ist.psu.edu/viewdoc/download?doi=10.1.1.129.3644&rep=rep1&type=pdf</a>
Public note View the report on the citeseerx.ist.psu.edu website.
942 ## - ADDED ENTRY ELEMENTS (KOHA)
Suppress in OPAC 0
Holdings
Withdrawn status Lost status Source of classification or shelving scheme Damaged status Not for loan Home library Current library Shelving location Date acquired Total Checkouts Full call number Barcode Date last seen Copy number Price effective from Koha item type
    Dewey Decimal Classification     Virtual Virtual Online 16/06/2003   ONLINE PUBLICATION 122596-1001 06/08/2019 1 06/08/2019 Book